La Reforma en Jalisco y el Bajío /
Compilación de los estudios presentados en la II Sesión de Mesa Redonda de la XII Asamblea del Congreso Mexicano de Historia, que se celebró en Guadalajara, Jalisco, del 14 al 17 de diciembre de 1958. La sesión estuvo dedicada al estudio de las regiones del Occidente de México, principalmente el est...
Guardado en:
| Autor corporativo: | |
|---|---|
| Formato: | Procedimiento de la conferencia Libro |
| Idioma: | Español |
| Publicado: |
Guadalajara, México :
Font,
1959, c1959
|
| Temas: | |
| Etiquetas: |
Sin etiquetas, Sé el primero en etiquetar este registro!
|
MARC
| LEADER | 00000nam^a2200000^a^4500 | ||
|---|---|---|---|
| 001 | 000190488 | ||
| 005 | 20250521000000.0 | ||
| 009 | 20260310102451.211 | ||
| 037 | |a Acervo ITESO - Biblioteca | ||
| 041 | |a ESP | ||
| 082 | |a 972. |b CON MEX 1958 | ||
| 111 | |a Congreso Mexicano de Historia ( |n 12º : |d 1958 : |c INAH y Gobierno del Estado de Jalisco) | ||
| 245 | 1 | 3 | |a La Reforma en Jalisco y el Bajío / |c Congreso Mexicano de Historia. |
| 264 | 4 | |a Guadalajara, México : |b Font, |c 1959, c1959 | |
| 300 | |a 205 p. | ||
| 336 | |a texto |b txt |2 rdacontenido | ||
| 337 | |a sin mediación |b n |2 rdamedio | ||
| 338 | |a volumen |b nc |2 rdasoporte | ||
| 520 | |a Compilación de los estudios presentados en la II Sesión de Mesa Redonda de la XII Asamblea del Congreso Mexicano de Historia, que se celebró en Guadalajara, Jalisco, del 14 al 17 de diciembre de 1958. La sesión estuvo dedicada al estudio de las regiones del Occidente de México, principalmente el estado de Jalisco, y del Bajío durante la época de la Reforma. | ||
| 649 | |a XX | ||
| 650 | |a Jefes de Estado Mexicanos | ||
| 650 | |a Políticos Mexicanos | ||
| 650 | |a Fuerzas Armadas - |z Jalisco - |x Historia | ||
| 650 | |a Fuerzas Armadas - |z México - |x Historia | ||
| 650 | |a Clero - |z Jalisco - |x Historia | ||
| 650 | |a Clero - |z México - |x Historia | ||
| 650 | |a Iglesia Católica en Jalisco - |x Historia | ||
| 650 | |a Iglesia Católica en México - |x Historia | ||
| 650 | |a Iglesia y Estado - |z Jalisco - |x Historia | ||
| 650 | |a Iglesia y Estado - |z México - |x Historia | ||
| 650 | |a Política y Religión - |z Jalisco - |x Historia | ||
| 650 | |a Política y Religión - |z México - |x Historia | ||
| 650 | |a Liberalismo - |z Jalisco - |x Historia | ||
| 650 | |a Liberalismo - |z México - |x Historia | ||
| 650 | |a Literatura y Política - |z México - |x Historia y Crítica | ||
| 650 | |a Filosofía Política - |z México - |x Historia | ||
| 650 | |a Filosofía Mexicana - |x Historia y Crítica | ||
| 650 | |a Filosofía del Siglo XIX - |x Historia y Crítica | ||
| 650 | |a Política - |z Jalisco - |x Historia | ||
| 650 | |a Política - |z México (Región Occidente) - |x Historia | ||
| 650 | |a Política - |z El Bajío (Región) - |x Historia | ||
| 650 | |a Política - |z México - |x Historia | ||
| 650 | |a Jalisco - |x Historia Militar | ||
| 650 | |a Jalisco - |x Historia - |y Guerra de Reforma, 1858-1861 | ||
| 650 | |a Jalisco - |x Historia - |y Constitución y Reforma, 1855-1863 | ||
| 650 | |a Jalisco - |x Historia - |y Intervención y Segundo Imperio, 1861-1867 | ||
| 650 | |a Jalisco - |x Historia - |y Siglo XIX | ||
| 650 | |a México (Región Occidente) - |x Historia - |y Constitución y Reforma, 1855-1863 | ||
| 650 | |a México (Región Occidente) - |x Historia - |y Siglo XIX | ||
| 650 | |a El Bajío (Región) - |x Historia - |y Constitución y Reforma, 1855-1863 | ||
| 650 | |a El Bajío (Región) - |x Historia - |y Siglo XIX | ||
| 650 | |a México - |x Historia Militar | ||
| 650 | |a México - |x Historia - |x Congresos - |x Tema Principal | ||
| 650 | |a México - |x Historia - |y Guerra de Reforma, 1858-1861 | ||
| 650 | |a México - |x Historia - |y Constitución y Reforma, 1855-1863 | ||
| 650 | |a México - |x Historia - |y Intervención y Segundo Imperio, 1861-1867 | ||
| 650 | |a México - |x Historia - |y Siglo XIX | ||
| 650 | |a Comonfort, Ignacio | ||
| 910 | |a Fondo General | ||
| 920 | |a Impresos - Libros | ||
| 930 | |a Colección General | ||
| 905 | |a 101 | ||
| 901 | |a 0500133608 |b IT1 |c ACC |u 20250521 | ||
| 902 | |a https://opac.biblio.iteso.mx/vufind/Record/000190488 | ||